Statistiken für Die 50 größten Städte in Österreich-Ungarn

Klicken Sie hier um das Quiz zu spielen!

Allgemein

  • Dieses Quiz wurde 310 mal gespielt
    (134 seit der letzten Aktualisierung)
  • Das Durchschnittsergebnis liegt bei 24 aus 50

Antwortstatistiken

Heutiges LandBevölkerungszahlStadt% Korrekt
Österreich1.982.100Wien
100%
Ungarn1.752.300Budapest
99%
Tschechien1.301.500Prag / Praha
98%
Kroatien663.600Agram / Zagreb
96%
Slowakei477.000Preßburg / Bratislava
93%
Österreich298.500Graz
91%
Polen800.700Krakau / Kraków
88%
Bosnien & Herzegowina348.400Sarajewo / Sarajevo
88%
Österreich210.200Linz
87%
Österreich156.700Salzburg
84%
Österreich131.400Innsbruck
80%
Slowenien284.300Laibach / Ljubljana
79%
Tschechien398.600Brünn / Brno
73%
Ukraine717.300Lemberg / Lwiw
73%
Tschechien174.100Pilsen / Plzeň
71%
Österreich104.400Klagenfurt
63%
Italien198.500Triest / Trieste
59%
Rumänien286.600Klausenburg / Cluj-Napoca
58%
Kroatien149.900Split / Spalato
58%
Slowenien96.400Marburg an der Drau / Maribor
53%
Serbien260.500Neusatz / Novi Sad
53%
Italien106.200Bozen / Bolzano
51%
Slowakei226.300Kaschau / Košice
50%
Ungarn201.500Debrezin / Debrecen
46%
Kroatien108.000Fiume / Rijeka
46%
Tschechien282.500Mährisch-Ostrau / Ostrava
46%
Rumänien250.900Temeschwar / Timișoara
41%
Ungarn132.100Raab / Győr
36%
Ungarn160.800Szegedin / Szeged
36%
Ungarn142.900Fünfkirchen / Pécs
34%
Bosnien & Herzegowina135.100Banja Luka
33%
Italien118.100Trient / Trento
31%
Tschechien106.100Olmütz / Olomouc
30%
Tschechien104.400Reichenberg / Liberec
30%
Rumänien237.600Kronstadt / Brașov
26%
Ungarn97.000Stuhlweißenburg / Székesfehérvár
24%
Ungarn154.600Mischkolz / Miskolc
23%
Rumänien145.100Arad
19%
Ukraine264.300Tschernowitz / Tscherniwzi
19%
Rumänien183.200Großwardein / Oradea
16%
Ukraine238.200Stanislau / Iwano-Frankiwsk
16%
Rumänien108.800Frauenbach / Baia Mare
15%
Ukraine225.100Tarnopol / Ternopil
15%
Polen195.900Rzeszów
14%
Ungarn116.800Birkenkirchen / Nyíregyháza
13%
Polen169.100Bielitz-Biala / Bielsko-Biała
10%
Polen106.300Tarnau / Tarnów
10%
Ungarn110.700Ketschkemet / Kecskemét
9%
Rumänien116.100Neumarkt am Mieresch / Târgu Mureș
9%
Ukraine115.500Ungwar / Uschhorod
9%

Verteilung der Resultate

Perzentil nach korrekt beantworteten Fragen

Anzahl Personen mit jedem Resultat

Ihre Resultats-Entwicklung

Sie haben dieses Quiz seit der letzten Aktualisierung nicht gespielt